000 00852nam a2200289Ia 4500
003 OSt
005 20220912145046.0
006 a|||||r|||| 00| 0
007 ta
008 220909b |||||||| |||| 00| 0 eng d
020 _a9780199206650 (hbd)
024 _a113280
037 _b1596, 08/10/2010, Channel Publications
037 _cTextbook
040 _aCSL
_beng
_cCSL
041 _aeng
082 _aD65,8(B):71, Q0 TC
100 _aNewman M E J
245 0 _aNetworks: An introduction
260 _aOxford
_bOxford University Press
_c2010
300 _axi, 772p.
_ccm.
500 _aReferences 727-739p.; Index 740-772p.
650 _a Computer networks
650 _aPhysics
942 _hD65,8(B):71, Q0 TC
_cTB
_2CC
999 _c22102
_d22102